Planes, Trains, and Automobiles: Movies Quiz Stats

Quiz Updated Sep 25, 2016

Also try: TV Shows by Car
Challenge
Share
Tweet
Score 0/30 Timer 07:00
1 Play Today
% Correct
Top Gun
95.8%
King Kong
94.4%
Raiders of the Lost Ark
93%
The Polar Express
87.6%
Airplane!
87%
The Blues Brothers
83.1%
Casablanca
80.3%
Back to the Future Part III
79.1%
Wayne's World
79%
Thelma & Louise
75.9%
Harry Potter and the Deathly Hallows: Part 2
75.4%
North by Northwest
70%
Dumb & Dumber
69.5%
Chitty Chitty Bang Bang
66.8%
National Lampoon's Vacation
66.1%
% Correct
Planes, Trains and Automobiles
60.6%
Con Air
43.9%
The Warriors
43.2%
Flight
39.3%
Smokey and the Bandit
35.6%
The Bridge on the River Kwai
33.3%
Christine
29.5%
Soul Plane
24.8%
Unstoppable
22.2%
Butch Cassidy and the Sundance Kid
21.9%
Source Code
20.2%
The Darjeeling Limited
15.8%
The General
14.5%
Maximum Overdrive
12.4%
The Wind Rises
5.8%

You're not logged in!

Compare scores with friends on all Sporcle quizzes.
Sign Up with Email
OR
Log In

You Might Also Like...

Show Comments

Extras

Top Quizzes Today


Score Distribution

Your Account Isn't Verified!

In order to create a playlist on Sporcle, you need to verify the email address you used during registration. Go to your Sporcle Settings to finish the process.